Interdisciplinary research into iron metallurgy along the Drava River in Croatia : the TransFER project /
Presenting the results of the TransFER project, this study uses a wide-ranging methodology to examine the evidence for, and nature of, iron production in the lowland area of the central Drava River basin in Croatia during late Antiquity and the early Middle Ages. The results testify to the importanc...
مؤلفون آخرون: ,
التنسيق: كتاب الكتروني
اللغة:
English
Croatian
منشور في:
Oxford :
Archaeopress Archaeology,
2021.
الموضوعات:
الوصول للمادة أونلاين: Login to view Source
الوسوم: إضافة وسم
رقم الطلب: NK8207
| LEADER | 02185nam a2200469 i 4500 | ||
|---|---|---|---|
| 001 | EDZ0002630558 | ||
| 003 | StDuBDS | ||
| 005 | 20230412183225.0 | ||
| 006 | m|||||o||d|||||||| | ||
| 007 | cr ||||||||||| | ||
| 008 | 211011s2021 enkab fob 000|0|eng|d | ||
| 020 | |a 9781803271033 (PDF ebook) : |c No price | ||
| 040 | |a StDuBDS |b eng |c StDuBDS |e rda |e pn | ||
| 041 | 1 | |a eng |h hrv | |
| 050 | 4 | |a NK8207 | |
| 082 | 0 | 4 | |a 939.872 |2 23 |
| 245 | 0 | 0 | |a Interdisciplinary research into iron metallurgy along the Drava River in Croatia : |b the TransFER project / |c edited by Tajana Sekelj Ivančan and Tena Karavidovic̀. |
| 264 | 1 | |a Oxford : |b Archaeopress Archaeology, |c 2021. | |
| 300 | |a 1 online resource (284 pages) : |b illustrations (colour), maps (colour) | ||
| 336 | |a text |2 rdacontent | ||
| 336 | |a still image |2 rdacontent | ||
| 336 | |a cartographic image |2 rdacontent | ||
| 337 | |a computer |2 rdamedia | ||
| 338 | |a online resource |2 rdacarrier | ||
| 500 | |a Also issued in print: 2021. | ||
| 500 | |a Translated from the Croatian. | ||
| 504 | |a Includes bibliographical references. | ||
| 520 | 8 | |a Presenting the results of the TransFER project, this study uses a wide-ranging methodology to examine the evidence for, and nature of, iron production in the lowland area of the central Drava River basin in Croatia during late Antiquity and the early Middle Ages. The results testify to the importance and longevity of iron production in the area. | |
| 521 | |a Specialized. | ||
| 588 | |a Description based on online resource; title from PDF title page (viewed on December 1, 2021). | ||
| 650 | 0 | |a Iron |x Metallurgy |x History. | |
| 650 | 0 | |a Ironwork |z Croatia |x History. | |
| 651 | 0 | |a Croatia |x Antiquities. | |
| 651 | 0 | |a Croatia |x History |y To 1102. | |
| 651 | 0 | |a Croatia |x History |y 1102-1527. | |
| 700 | 1 | |a Sekelj Ivančan, Tajana, |e editor. | |
| 700 | 1 | |a Karavidovic̀, Tena, |e editor. | |
| 776 | 0 | 8 | |i Print version : |z 9781803271026 |
| 856 | 4 | 0 | |3 Archaeopress |u http://library.arce.org:8087/Archaeopress/Products/9781803271026 |
| 942 | |2 lcc |c EBOOK | ||
| 952 | |0 0 |1 0 |4 0 |6 NK8207 |7 1 |9 46892 |a ARCH |b ARCH |d 2023-04-12 |l 0 |o NK8207 |r 2023-04-12 00:00:00 |w 2023-04-12 |y EBOOK | ||
| 999 | |c 52550 |d 52550 | ||
